[Event "I Festival Costa Viola B"]
[Site "Bagnara Calabra ITA"]
[Date "2008.01.06"]
[Round "7"]
[White "Levato, Biagio"]
[Black "Barbera, Giuseppe"]
[Result "0-1"]
[WhiteElo "1537"]
[BlackElo "1492"]
[PlyCount "56"]
[EventDate "2008.01.02"]

1. e4 c5 2. Nf3 Nc6 3. d3 e6 4. g3 Nge7 5. Bg2 g6 6. O-O Bg7 7. c3 d6 8. Re1
O-O 9. Nbd2 Rb8 10. a3 b5 11. Rb1 Kh8 12. Qc2 f5 13. exf5 Nxf5 14. Ng5 Qxg5 15.
Bxc6 d5 16. c4 Nd4 17. Nb3 Nxc2 18. Bxg5 Nxe1 19. Rxe1 bxc4 20. Nxc5 Rxb2 21.
Be3 d4 22. Bf4 e5 23. Bxe5 Bxe5 24. Rxe5 Rbxf2 25. Ne4 R2f5 26. Re7 c3 27. Rc7
c2 28. Ba4 Rf1+ 0-1

[Event "I Festival Costa Viola B"]
[Site "Bagnara Calabra ITA"]
[Date "2008.01.06"]
[Round "7"]
[White "Luvera', Filippo"]
[Black "Alvaro, Francesco"]
[Result "1-0"]
[WhiteElo "1850"]
[BlackElo "1488"]
[PlyCount "63"]
[EventDate "2008.01.02"]

1. e4 e5 2. Nf3 Nc6 3. Nc3 Nf6 4. d4 exd4 5. Nxd4 Bc5 6. Nxc6 bxc6 7. Bd3 O-O
8. O-O h6 9. Qf3 d6 10. e5 Ng4 11. exd6 Qxd6 12. Bf4 Qe7 13. h3 Ne5 14. Bxe5
Qxe5 15. Rfe1 Qd4 16. Rad1 Qb4 17. Qe4 g6 18. Na4 Rb8 19. Nxc5 Qxc5 20. b3 Be6
21. Qe3 Qxe3 22. Rxe3 a5 23. Bxg6 Bxb3 24. Bh7+ Kxh7 25. axb3 Rbd8 26. Red3 Rd6
27. Rxd6 cxd6 28. Rxd6 Rc8 29. Rd7 Re8 30. Rxf7+ Kg6 31. Rf3 Re2 32. Rc3 1-0

[Event "I Festival Costa Viola B"]
[Site "Bagnara Calabra ITA"]
[Date "2008.01.06"]
[Round "7"]
[White "Mercuri, Delia"]
[Black "Arcidiaco, Francesco"]
[Result "0-1"]
[WhiteElo "1448"]
[BlackElo "1575"]
[PlyCount "104"]
[EventDate "2008.01.02"]

1. e4 c5 2. c3 d5 3. exd5 Qxd5 4. Nf3 a6 5. d4 e6 6. c4 Qc6 7. Ne5 Qe4+ 8. Qe2
Qxd4 9. Nc3 Bd7 10. Nf3 Qf6 11. Ne4 Qd8 12. Be3 Qa5+ 13. Bd2 Qc7 14. g3 Nc6 15.
Bf4 e5 16. Bd2 f6 17. Bg2 Nge7 18. O-O Nd4 19. Nxd4 cxd4 20. b4 Ng6 21. f4 f5
22. Ng5 h6 23. Qh5 hxg5 24. Qxg6+ Kd8 25. Qxg5+ Kc8 26. fxe5 Qxe5 27. Rae1 Qf6
28. Qxf6 gxf6 29. c5 a5 30. Rc1 axb4 31. c6 bxc6 32. Bxc6 Bxc6 33. Rxc6+ Kd7
34. Rxf6 Rxa2 35. Rf2 b3 36. R6xf5 b2 37. Rb5 Kc6 38. Rb3 Bd6 39. Bb4 Ra1+ 40.
Rf1 Rxf1+ 41. Kxf1 Rxh2 42. Kg1 Rc2 43. Be1 Kd5 44. Kf1 Ke4 45. g4 Bf4 46. Rb4
Ke3 47. Rb3+ d3 48. Kg1 Ke2 49. Rb4 Be3+ 50. Kg2 Kxe1+ 51. Kf3 Bh6 52. Ke4 d2
0-1

[Event "I Festival Costa Viola B"]
[Site "Bagnara Calabra ITA"]
[Date "2008.01.06"]
[Round "7"]
[White "Rizzuti, Pasquale"]
[Black "Tricomi, Massimo"]
[Result "0-1"]
[WhiteElo "1832"]
[BlackElo "1888"]
[PlyCount "122"]
[EventDate "2008.01.02"]

1. e4 e6 2. d4 d5 3. Nd2 dxe4 4. Nxe4 Nd7 5. Nf3 Ngf6 6. Ng3 c5 7. Be3 b6 8.
Bd3 Bb7 9. O-O Bd6 10. dxc5 Bxc5 11. Bxc5 Nxc5 12. Bb5+ Ncd7 13. Ne5 a6 14.
Bxd7+ Nxd7 15. Qd6 Qe7 16. Qxe7+ Kxe7 17. Nd3 Rac8 18. c3 Rhd8 19. Rad1 Nf6 20.
Rfe1 g6 21. f3 Rd5 22. Nf4 Rxd1 23. Rxd1 Rd8 24. Re1 Rd2 25. Re2 Rxe2 26. Nfxe2
Kd6 27. Kf2 Kc5 28. Ke1 Bd5 29. b3 a5 30. Kd2 b5 31. Nf4 Bc6 32. a3 e5 33. Nd3+
Kd5 34. Ke3 Kd6 35. h4 Nd5+ 36. Kd2 f5 37. h5 Nf6 38. hxg6 hxg6 39. f4 exf4 40.
Nxf4 Ne4+ 41. Nxe4+ Bxe4 42. Nxg6 Bxg2 43. Ke3 Bd5 44. b4 axb4 45. cxb4 Bf7 46.
Nf4 Ke5 47. Nd3+ Kd5 48. Nb2 Ke5 49. Nd3+ Kd5 50. Nb2 Be6 51. Kd3 f4 52. Nd1
Bf5+ 53. Kc3 Bg4 54. Nf2 Be2 55. Kd2 f3 56. Kc3 Ke5 57. Nd3+ Bxd3 58. Kxd3 Kf4
59. a4 bxa4 60. b5 Ke5 61. Ke3 a3 0-1

[Event "I Festival Costa Viola B"]
[Site "Bagnara Calabra ITA"]
[Date "2008.01.06"]
[Round "7"]
[White "Zampaglione, Francesco"]
[Black "Paragliola, Gennaro"]
[Result "0-1"]
[WhiteElo "1374"]
[BlackElo "1623"]
[PlyCount "74"]
[EventDate "2008.01.02"]

1. e4 b6 2. Nc3 Bb7 3. Bc4 e6 4. d4 Nf6 5. Qd3 Bb4 6. Nge2 Bxe4 7. Qd2 O-O 8.
f3 Bg6 9. a3 Be7 10. O-O d5 11. Bd3 Bxd3 12. Qxd3 c5 13. Be3 Nbd7 14. Rad1 cxd4
15. Nxd4 Rc8 16. Ndb5 a6 17. Nd4 b5 18. f4 Nc5 19. Qd2 Nce4 20. Nxe4 Nxe4 21.
Qe2 Bc5 22. Rf3 Rc7 23. Rh3 Qc8 24. c3 Qb7 25. g4 a5 26. g5 b4 27. Qh5 f5 28.
Nxe6 Bxe3+ 29. Rxe3 Qb6 30. Nd4 bxc3 31. Qe2 Qxb2 32. Nc2 Nd2 33. Qd3 Qa2 34.
Re5 d4 35. Rxa5 g6 36. Ra4 Rd7 37. Qc4+ Nxc4 0-1

[Event "I Festival Costa Viola A"]
[Site "Bagnara Calabra ITA"]
[Date "2008.01.02"]
[Round "1"]
[White "Blasco, Domenico"]
[Black "Bentivegna, Francesco"]
[Result "0-1"]
[WhiteElo "2022"]
[BlackElo "2359"]
[PlyCount "94"]
[EventDate "2008.01.02"]

1. d4 d5 2. Nf3 Nf6 3. e3 c5 4. c3 e6 5. Bd3 Nc6 6. Nbd2 Bd6 7. O-O O-O 8. dxc5
Bxc5 9. e4 Qc7 10. Qe2 h6 11. b4 Bd6 12. Bb2 Ne5 13. Nxe5 Bxe5 14. Nf3 dxe4 15.
Bxe4 Nxe4 16. Qxe4 Bf6 17. Rfd1 Bd7 18. Qe2 Ba4 19. Rd2 Rfd8 20. Nd4 Bg5 21.
Rd3 e5 22. Nf3 Rxd3 23. Qxd3 Rd8 24. Qe2 Bf6 25. c4 e4 26. Bxf6 exf3 27. Bxd8
fxe2 28. Bxc7 Bd1 29. h3 e1=Q+ 30. Kh2 Qe7 31. Bf4 Qf6 32. Rxd1 Qxf4+ 33. Kg1
Qxc4 34. a3 Qc3 35. Rd8+ Kh7 36. Rd7 Qxa3 37. Rxb7 Qa1+ 38. Kh2 Qe5+ 39. Kg1
Qe1+ 40. Kh2 Qxf2 41. Kh1 h5 42. Kh2 g5 43. Kh1 g4 44. hxg4 hxg4 45. Kh2 Qf4+
46. g3 Qf2+ 47. Kh1 Qf3+ 0-1

[Event "I Festival Costa Viola A"]
[Site "Bagnara Calabra ITA"]
[Date "2008.01.02"]
[Round "1"]
[White "Collutiis, Duilio"]
[Black "Gambardella, Piero"]
[Result "1-0"]
[WhiteElo "2402"]
[BlackElo "2031"]
[PlyCount "45"]
[EventDate "2008.01.02"]

1. Nc3 d5 2. e4 d4 3. Nce2 c5 4. d3 Nc6 5. g3 Nf6 6. Bg2 g6 7. h3 Bg7 8. f4 O-O
9. Nf3 c4 10. O-O cxd3 11. cxd3 Qb6 12. Kh2 Rd8 13. Ne1 a5 14. Bf3 a4 15. g4
Nb4 16. Bd2 a3 17. Qb3 Nbd5 18. exd5 Qxb3 19. axb3 axb2 20. Rb1 Ra2 21. Nc2
Nxd5 22. Bxd5 Rxd5 23. Nb4 1-0

[Event "I Festival Costa Viola A"]
[Site "Bagnara Calabra ITA"]
[Date "2008.01.02"]
[Round "1"]
[White "Cordi', Domenico"]
[Black "Efimov, Igor"]
[Result "0-1"]
[WhiteElo "2045"]
[BlackElo "2468"]
[PlyCount "76"]
[EventDate "2008.01.02"]

1. d4 Nf6 2. c4 c5 3. d5 e6 4. Nc3 exd5 5. cxd5 d6 6. e4 g6 7. Be2 Bg7 8. Nf3
O-O 9. Nd2 Nbd7 10. O-O Re8 11. f4 a6 12. a4 Rb8 13. a5 Qc7 14. Qc2 b5 15. axb6
Rxb6 16. Kh1 Bb7 17. Bd3 Rb4 18. Ra3 a5 19. Nc4 Ba6 20. b3 Nb6 21. Na2 a4 22.
Nxb6 axb3 23. Rxb3 Rxb6 24. Bxa6 Rxa6 25. Nc3 c4 26. Ra3 Rxa3 27. Bxa3 Rb8 28.
Re1 Rb3 29. e5 Rxa3 30. exf6 Bxf6 31. Nb5 Qe7 32. Qc1 Qxe1+ 33. Qxe1 Ra1 34.
Qxa1 Bxa1 35. Kg1 Bb2 36. Kf1 Kf8 37. Nxd6 c3 38. Ke2 c2 0-1

[Event "I Festival Costa Viola A"]
[Site "Bagnara Calabra ITA"]
[Date "2008.01.02"]
[Round "1"]
[White "Drasko, Milan"]
[Black "Scerbo, Antonio"]
[Result "1-0"]
[WhiteElo "2540"]
[BlackElo "2098"]
[PlyCount "81"]
[EventDate "2008.01.02"]

1. d4 Nf6 2. c4 g6 3. Nf3 Bg7 4. g3 O-O 5. Bg2 d6 6. O-O c6 7. Nc3 Qa5 8. e4
Qh5 9. Ng5 Qxd1 10. Rxd1 Nbd7 11. h3 e5 12. Nf3 Re8 13. b3 exd4 14. Nxd4 Nc5
15. f3 Be6 16. Be3 Nfd7 17. Rac1 a5 18. Bf2 Rad8 19. f4 f5 20. exf5 gxf5 21.
Rc2 Ne4 22. Nxe4 fxe4 23. Nxe6 Rxe6 24. f5 Ree8 25. Rxd6 e3 26. Be1 Nc5 27.
Rxd8 Rxd8 28. Kf1 Bh6 29. Ke2 a4 30. b4 Nd3 31. Bc3 Nf2 32. b5 cxb5 33. Bd5+
Kf8 34. f6 bxc4 35. Bb4+ Ke8 36. Be6 Rd2+ 37. Rxd2 exd2 38. f7+ Kd8 39. Bxd2
Bg7 40. Kxf2 b5 41. Bb4 1-0

[Event "I Festival Costa Viola A"]
[Site "Bagnara Calabra ITA"]
[Date "2008.01.02"]
[Round "1"]
[White "Gad, Ahmad"]
[Black "Napoli, Nicolo'"]
[Result "0-1"]
[WhiteElo "1947"]
[BlackElo "2292"]
[PlyCount "66"]
[EventDate "2008.01.02"]

1. Nf3 b5 2. e4 Bb7 3. Bxb5 Bxe4 4. Nc3 Nf6 5. Nxe4 Nxe4 6. O-O e6 7. d4 Be7 8.
Re1 Nf6 9. Bd3 O-O 10. c4 c5 11. b3 cxd4 12. Nxd4 Bc5 13. Be3 Na6 14. a3 e5 15.
Nf5 Re8 16. b4 Bxe3 17. Rxe3 e4 18. Bf1 Nc7 19. Nd6 Re6 20. Qd4 Qe7 21. Rd1 g6
22. Qc5 Na6 23. Qd4 Nc7 24. Qc5 Nce8 25. Nxe8 Qxe8 26. h3 Re5 27. Qd6 Qe6 28.
c5 Nd5 29. Ree1 Rc8 30. Bb5 Qxd6 31. cxd6 Nf6 32. Rc1 Rxc1 33. Rxc1 Rxb5 0-1

[Event "I Festival Costa Viola A"]
[Site "Bagnara Calabra ITA"]
[Date "2008.01.02"]
[Round "1"]
[White "Ljubisavljevic, Zivojin Z."]
[Black "Serratore, Vincenzo"]
[Result "1-0"]
[WhiteElo "2272"]
[BlackElo "1939"]
[PlyCount "65"]
[EventDate "2008.01.02"]

1. d4 d5 2. c3 Nc6 3. Bg5 Bf5 4. Nd2 Qd7 5. e3 h5 6. Bb5 f6 7. e4 dxe4 8. Be3
Bg4 9. Qb3 Be6 10. c4 a6 11. Bxc6 bxc6 12. Nxe4 Bf5 13. Nc5 Qc8 14. Nf3 e6 15.
Qa4 Ne7 16. d5 exd5 17. cxd5 Bd7 18. Nxd7 Qxd7 19. dxc6 Qxc6 20. Qxc6+ Nxc6 21.
Rc1 Nb4 22. Rxc7 Nxa2 23. O-O Nb4 24. Rb7 Nd5 25. Bd2 Be7 26. Nh4 O-O 27. Nf5
Rf7 28. Rd7 a5 29. Rxd5 Bd8 30. g3 Rb7 31. Bc3 Kh7 32. Rfd1 Kg6 33. Nh4+ 1-0

[Event "I Festival Costa Viola A"]
[Site "Bagnara Calabra ITA"]
[Date "2008.01.02"]
[Round "1"]
[White "Marincolo, Piercarlo"]
[Black "Stromboli, Carlo"]
[Result "1/2-1/2"]
[WhiteElo "1939"]
[BlackElo "2257"]
[PlyCount "73"]
[EventDate "2008.01.02"]

1. e4 e5 2. Nf3 Nc6 3. Bb5 a6 4. Ba4 Nf6 5. O-O b5 6. Bb3 Bc5 7. Nxe5 Nxe5 8.
d4 Bxd4 9. Qxd4 d6 10. c3 c5 11. Qe3 O-O 12. h3 Re8 13. Nd2 Bb7 14. Bc2 Ng6 15.
Re1 Qe7 16. b3 d5 17. f3 Rac8 18. Bb2 Qd7 19. Rac1 dxe4 20. Nxe4 Nxe4 21. fxe4
c4 22. Rcd1 Qe7 23. Rd4 Ne5 24. Red1 Qc5 25. b4 Qa7 26. Bc1 a5 27. a3 axb4 28.
axb4 f5 29. Kh1 fxe4 30. Bxe4 Bxe4 31. Qxe4 Nd3 32. Qd5+ Kh8 33. Rf1 Qa1 34.
Qf7 Qxc3 35. Rh4 Nxc1 36. Rxh7+ Kxh7 37. Qh5+ 1/2-1/2

[Event "I Festival Costa Viola A"]
[Site "Bagnara Calabra ITA"]
[Date "2008.01.02"]
[Round "1"]
[White "Sabia, Corrado"]
[Black "Valotta, Massimiliano"]
[Result "1-0"]
[WhiteElo "2174"]
[BlackElo "1906"]
[PlyCount "47"]
[EventDate "2008.01.02"]

1. e4 c6 2. d4 d5 3. exd5 cxd5 4. c4 Nc6 5. Nc3 Nf6 6. Bg5 Qb6 7. cxd5 Nxd5 8.
Nxd5 Qa5+ 9. Nc3 Qxg5 10. Nf3 Qf4 11. d5 Ne5 12. Bb5+ Bd7 13. Bxd7+ Nxd7 14.
O-O O-O-O 15. Rc1 Kb8 16. Qb3 Nb6 17. Rfd1 g5 18. a4 Bg7 19. a5 Na8 20. Na4 Rd7
21. Nc5 Rc7 22. Na6+ Kc8 23. Nxc7 Nxc7 24. Rc4 1-0

[Event "I Festival Costa Viola A"]
[Site "Bagnara Calabra ITA"]
[Date "2008.01.02"]
[Round "1"]
[White "Stromboli, Ettore"]
[Black "Piccoli, Vincenzo"]
[Result "1-0"]
[WhiteElo "2303"]
[BlackElo "1950"]
[PlyCount "75"]
[EventDate "2008.01.02"]

1. e4 c5 2. Nf3 d6 3. d4 cxd4 4. Nxd4 Nf6 5. f3 a6 6. c4 e6 7. Be3 Be7 8. Be2
O-O 9. O-O b6 10. Nc3 Bb7 11. Rc1 Nbd7 12. b4 Rc8 13. a3 Qc7 14. Qe1 Rfe8 15.
Qf2 Qb8 16. Rfd1 Bd8 17. Nb3 Bc7 18. g3 Red8 19. Na4 Bc6 20. Nc3 Bb7 21. a4 Qa8
22. a5 bxa5 23. Nxa5 Bxa5 24. bxa5 d5 25. exd5 exd5 26. c5 Ne5 27. Bd4 Re8 28.
Na4 Rc6 29. Re1 Rce6 30. Bxe5 Rxe5 31. Nb6 Qd8 32. c6 Bc8 33. Bd3 Qc7 34. Rxe5
Rxe5 35. Nxc8 Qxc8 36. c7 Re8 37. Qb6 Nh5 38. Bxa6 1-0

[Event "I Festival Costa Viola A"]
[Site "Bagnara Calabra ITA"]
[Date "2008.01.03"]
[Round "2"]
[White "Bentivegna, Francesco"]
[Black "Sabia, Corrado"]
[Result "1-0"]
[WhiteElo "2359"]
[BlackElo "2174"]
[PlyCount "55"]
[EventDate "2008.01.02"]

1. e4 c5 2. c3 Nf6 3. e5 Nd5 4. d4 cxd4 5. Nf3 e6 6. cxd4 b6 7. Nc3 Nxc3 8.
bxc3 Qc7 9. Bd2 Bb7 10. Bd3 d6 11. O-O Nd7 12. Ng5 dxe5 13. Qh5 g6 14. Qh3 Be7
15. Rae1 h6 16. f4 Bxg5 17. fxg5 h5 18. c4 Qd6 19. Bc3 Rf8 20. c5 bxc5 21. dxe5
Qc7 22. Bxg6 Qc6 23. Be4 Qa6 24. Bxb7 Qxb7 25. g6 O-O-O 26. g7 Qd5 27. Rd1 Qxa2
28. Qf3 1-0

[Event "I Festival Costa Viola A"]
[Site "Bagnara Calabra ITA"]
[Date "2008.01.03"]
[Round "2"]
[White "Efimov, Igor"]
[Black "Ljubisavljevic, Zivojin Z."]
[Result "1-0"]
[WhiteElo "2468"]
[BlackElo "2272"]
[PlyCount "99"]
[EventDate "2008.01.02"]

1. Nf3 g6 2. d4 Bg7 3. e4 c5 4. dxc5 Qa5+ 5. Bd2 Qxc5 6. Nc3 d6 7. Nd5 Bd7 8.
Be3 Qa5+ 9. Qd2 Qxd2+ 10. Nxd2 Kd8 11. O-O-O Nc6 12. f4 Nf6 13. c3 Nxd5 14.
exd5 Nb8 15. Bd3 b5 16. Rhf1 Na6 17. Nb3 Nc7 18. Be4 Ne8 19. h3 h5 20. Bf3 h4
21. Nd4 Bf6 22. Ne6+ Kc8 23. Ng5 Bxg5 24. fxg5 Ng7 25. Bd4 Rh7 26. Bxg7 Rxg7
27. Rd4 Rh7 28. Re1 f6 29. a4 bxa4 30. Bg4 f5 31. Bd1 a3 32. bxa3 Rb8 33. Rf1
Rb5 34. Rff4 Kc7 35. c4 Ra5 36. Kb2 e5 37. dxe6 Bxe6 38. Rxh4 Rxh4 39. Rxh4 d5
40. Rh6 dxc4 41. Rxg6 Kd6 42. h4 Ke5 43. h5 Rd5 44. Kc1 Rd4 45. h6 Rh4 46. Rg7
Rh1 47. h7 c3 48. Kc2 f4 49. Kxc3 Bf5 50. Bc2 1-0

[Event "I Festival Costa Viola A"]
[Site "Bagnara Calabra ITA"]
[Date "2008.01.03"]
[Round "2"]
[White "Gambardella, Piero"]
[Black "Marincolo, Piercarlo"]
[Result "0-1"]
[WhiteElo "2031"]
[BlackElo "1939"]
[PlyCount "50"]
[EventDate "2008.01.02"]

1. d4 d5 2. c4 c6 3. Nc3 e5 4. dxe5 d4 5. Ne4 Qa5+ 6. Bd2 Qxe5 7. Ng3 Nf6 8.
Nf3 Qd6 9. Qc2 Be7 10. O-O-O O-O 11. e4 dxe3 12. Bxe3 Qc7 13. Bd3 Na6 14. Bf5
Nb4 15. Qb1 b5 16. a3 Na6 17. Ng5 g6 18. Bxc8 Rfxc8 19. h4 Ng4 20. h5 Nxe3 21.
hxg6 Bxg5 22. Rxh7 Nxd1+ 23. Kxd1 Qd6+ 24. Ke1 Re8+ 25. Kf1 Qxg6 0-1

[Event "I Festival Costa Viola A"]
[Site "Bagnara Calabra ITA"]
[Date "2008.01.03"]
[Round "2"]
[White "Napoli, Nicolo'"]
[Black "Collutiis, Duilio"]
[Result "1/2-1/2"]
[WhiteElo "2292"]
[BlackElo "2402"]
[PlyCount "124"]
[EventDate "2008.01.02"]

1. d4 Nf6 2. Nc3 d5 3. Bg5 e6 4. e4 dxe4 5. Nxe4 Be7 6. Bxf6 gxf6 7. Nf3 b6 8.
g3 Bb7 9. Qe2 Nd7 10. Bg2 c6 11. c4 Qc7 12. O-O O-O 13. Rac1 c5 14. d5 Rfe8 15.
Rcd1 Bf8 16. dxe6 Rxe6 17. Nh4 f5 18. Nxf5 Bxe4 19. Bxe4 Nf6 20. f3 Rae8 21.
Rfe1 Nxe4 22. fxe4 Qe5 23. Qg2 Qf6 24. Rd5 Re5 25. Rxe5 Qxe5 26. Qd2 Qf6 27. b3
Rd8 28. Qf4 Kh8 29. Rf1 a6 30. Ne3 Qxf4 31. gxf4 Rd4 32. e5 b5 33. Nf5 Re4 34.
Kg2 Re2+ 35. Rf2 Re1 36. cxb5 axb5 37. Rd2 f6 38. Kf2 Re4 39. Kf3 Re1 40. Rd8
Kg8 41. exf6 Kf7 42. Rb8 Ra1 43. Ne3 Rxa2 44. Rxb5 Kxf6 45. Ng4+ Ke6 46. Rb7 h5
47. Rb6+ Ke7 48. Nf2 Kd7 49. h3 c4 50. Ne4 Ra3 51. Nf6+ Ke7 52. Nd5+ Kf7 53.
Ke4 Rxb3 54. Rf6+ Kg7 55. Rc6 Rxh3 56. Kf5 Rd3 57. Rc7+ Kh6 58. Rc6+ Kg7 59.
Nf6 Be7 60. Nxh5+ Kf7 61. Rxc4 Rh3 62. Kg4 Rh4+ 1/2-1/2

[Event "I Festival Costa Viola A"]
[Site "Bagnara Calabra ITA"]
[Date "2008.01.03"]
[Round "2"]
[White "Piccoli, Vincenzo"]
[Black "Gad, Ahmad"]
[Result "1-0"]
[WhiteElo "1950"]
[BlackElo "1947"]
[PlyCount "84"]
[EventDate "2008.01.02"]

1. e4 c5 2. Nf3 d6 3. d4 cxd4 4. Nxd4 Nf6 5. Nc3 a6 6. g3 e5 7. Nde2 b5 8. Bg5
Nbd7 9. Nd5 Bb7 10. Bxf6 Nxf6 11. Nec3 Be7 12. a4 Nxd5 13. Nxd5 Bxd5 14. Qxd5
Qa5+ 15. c3 Rc8 16. Be2 O-O 17. O-O Rc5 18. axb5 Qc7 19. Qb3 axb5 20. Bxb5 Qb7
21. c4 Qxe4 22. Ra7 Bg5 23. Rd7 f5 24. Rxd6 f4 25. Qd3 Qxd3 26. Rxd3 e4 27. Rd6
Re5 28. Bc6 Rb8 29. Bd5+ Kh8 30. b4 fxg3 31. fxg3 h6 32. b5 Bd2 33. Re6 Rxe6
34. Bxe6 e3 35. Bg4 Rb7 36. Be2 Bc3 37. c5 Bd4 38. Rf8+ Kh7 39. Rc8 Kg6 40. b6
Kf5 41. Rc7 Rb8 42. b7 42... Ke6 {...} 1-0

[Event "I Festival Costa Viola A"]
[Site "Bagnara Calabra ITA"]
[Date "2008.01.03"]
[Round "2"]
[White "Serratore, Vincenzo"]
[Black "Cordi', Domenico"]
[Result "0-1"]
[WhiteElo "1939"]
[BlackElo "2045"]
[PlyCount "89"]
[EventDate "2008.01.02"]

1. d4 Nf6 2. Nf3 g6 3. Bf4 Bg7 4. e3 O-O 5. Bd3 d6 6. e4 c5 7. c3 cxd4 8. cxd4
Nc6 9. O-O Bg4 10. Be3 e5 11. d5 Nb4 12. Bg5 Qd7 13. Nc3 Nxd3 14. Qxd3 Nh5 15.
Nd2 f5 16. f3 fxe4 17. fxe4 h6 18. Be3 Nf4 19. Bxf4 exf4 20. Nf3 Qe7 21. h3 Bd7
22. Rae1 Be5 23. b3 Rac8 24. Ne2 a6 25. Ned4 Rfd8 26. Nd2 Qf6 27. N2f3 Rc7 28.
Rc1 Rdc8 29. Rc4 b5 30. Rxc7 Rxc7 31. Nc6 Bb2 32. Rf2 Kg7 33. Rc2 g5 34. Qd2
Ba1 35. Qa5 Rc8 36. Qxa6 Qf7 37. Qxb5 Bf6 38. Qe2 h5 39. b4 g4 40. Nfd4 Qg6 41.
Ne6+ Bxe6 42. dxe6 f3 43. Qe3 d5 44. Rc5 fxg2 45. exd5 {...} 0-1

[Event "I Festival Costa Viola A"]
[Site "Bagnara Calabra ITA"]
[Date "2008.01.03"]
[Round "2"]
[White "Stromboli, Carlo"]
[Black "Scerbo, Antonio"]
[Result "1/2-1/2"]
[WhiteElo "2257"]
[BlackElo "2098"]
[PlyCount "123"]
[EventDate "2008.01.02"]

1. e4 c5 2. Nf3 Nc6 3. d4 cxd4 4. Nxd4 Nf6 5. Nc3 e5 6. Ndb5 d6 7. Bg5 a6 8.
Na3 b5 9. Bxf6 gxf6 10. Nd5 Bg7 11. c3 Ne7 12. Nxe7 Qxe7 13. Nc2 f5 14. exf5
O-O 15. Ne3 Bb7 16. Be2 Rad8 17. Nd5 Qg5 18. h4 Qh6 19. g4 Bf6 20. Bf3 Bxd5 21.
Qxd5 Qf4 22. Kf1 Rfe8 23. Re1 h6 24. Kg2 Qc4 25. Qxc4 bxc4 26. Bd5 Rb8 27. Re2
Rec8 28. Kf3 Kf8 29. Ke4 Ke7 30. g5 hxg5 31. hxg5 Bxg5 32. Rh7 Rf8 33. Bxc4 a5
34. a4 Bc1 35. b3 Kf6 36. Re1 Bb2 37. Re3 Rb7 38. Rg3 Rc7 39. Rgh3 Bc1 40. Rd3
Ba3 41. Rdh3 Bc1 42. Rh1 Bf4 43. Rd1 Ke7 44. f6+ Kxf6 45. Rxd6+ Kg5 46. Rg7+
Kh4 47. Kf5 Rh8 48. Rxf7 Rxf7+ 49. Bxf7 Rf8 50. Rf6 Bg5 51. Kxe5 Bxf6+ 52. Kxf6
Kg4 53. Ke7 Rb8 54. Bd5 Kf4 55. Kd7 Ke5 56. Bc4 Rb6 57. f3 Rh6 58. Kc7 Rf6 59.
Be2 Kd5 60. b4 axb4 61. cxb4 Rf7+ 62. Kb6 {...} 1/2-1/2

[Event "I Festival Costa Viola A"]
[Site "Bagnara Calabra ITA"]
[Date "2008.01.03"]
[Round "2"]
[White "Stromboli, Ettore"]
[Black "Drasko, Milan"]
[Result "1/2-1/2"]
[WhiteElo "2303"]
[BlackElo "2540"]
[PlyCount "92"]
[EventDate "2008.01.02"]

1. e4 e6 2. d4 d5 3. e5 c5 4. c3 Nc6 5. Nf3 Bd7 6. Be2 Rc8 7. O-O Nge7 8. Na3
Ng6 9. g3 cxd4 10. cxd4 Be7 11. h4 O-O 12. h5 Nh8 13. h6 g6 14. Nc2 f6 15. exf6
Bxf6 16. Ne3 Nf7 17. Ng4 Be7 18. Bf4 a6 19. a4 Nd6 20. Nge5 Nf5 21. Nxc6 Bxc6
22. Bd3 Bf6 23. Bxf5 exf5 24. Qd2 Re8 25. Be5 Be7 26. Bg7 Bf6 27. Bxf6 Qxf6 28.
Ne5 f4 29. Qxf4 Qxf4 30. gxf4 Rf8 31. Rfe1 Rxf4 32. Nxc6 bxc6 33. Re7 Rxd4 34.
Rg7+ Kh8 35. Re1 Rg4+ 36. Kf1 Rh4 37. Rc7 Rd8 38. Rd7 Rg8 39. Re6 Rxh6 40. Rxc6
Rf8 41. Rxd5 Rh2 42. Rd2 a5 43. Rc5 Ra8 44. Rdd5 Rf8 45. Rd2 Ra8 46. Rdd5 Rf8
1/2-1/2

[Event "I Festival Costa Viola A"]
[Site "Bagnara Calabra ITA"]
[Date "2008.01.03"]
[Round "2"]
[White "Valotta, Massimiliano"]
[Black "Blasco, Domenico"]
[Result "1-0"]
[WhiteElo "1906"]
[BlackElo "2022"]
[PlyCount "115"]
[EventDate "2008.01.02"]

1. d4 Nf6 2. c4 c5 3. e3 g6 4. Nf3 Bg7 5. Bd3 O-O 6. Nc3 cxd4 7. exd4 d5 8. h3
Nc6 9. a3 a6 10. O-O h6 11. Be3 Be6 12. b3 Rc8 13. Qd2 Kh7 14. c5 Nh5 15. g4
Nf6 16. g5 Ne4 17. Nxe4 dxe4 18. Bxe4 Bxh3 19. gxh6 Qd7 20. Ng5+ Kg8 21. Nxh3
Bxd4 22. Ng5 Qg4+ 23. Bg2 Bxa1 24. Rxa1 Rcd8 25. h7+ Kg7 26. Qc3+ e5 27. f3 Qf5
28. Bh3 Qd3 29. Rc1 Qxc3 30. Rxc3 Nd4 31. Bxd4 Rxd4 32. c6 bxc6 33. Rxc6 Kh6
34. h8=Q+ Rxh8 35. Nxf7+ Kg7 36. Nxh8 Kxh8 37. Rxg6 Rd3 38. Bg2 Rxb3 39. Rxa6
Kg7 40. a4 Kf7 41. a5 Ke7 42. Ra7+ Kd6 43. Kf2 Kc5 44. a6 Ra3 45. Bf1 Kb6 46.
Re7 Ra5 47. Ke3 Kc6 48. Ke4 Kd6 49. Rb7 Ra4+ 50. Ke3 Ra3+ 51. Bd3 Kc6 52. Rh7
Kc5 53. Ke4 Kb4 54. Re7 Kc5 55. Rxe5+ Kb6 56. Rb5+ Ka7 57. Rb7+ Ka8 58. f4 1-0

[Event "I Festival Costa Viola A"]
[Site "Bagnara Calabra ITA"]
[Date "2008.01.04"]
[Round "3"]
[White "Blasco, Domenico"]
[Black "Serratore, Vincenzo"]
[Result "1-0"]
[WhiteElo "2022"]
[BlackElo "1939"]
[PlyCount "106"]
[EventDate "2008.01.02"]

1. d4 d5 2. Nf3 Nf6 3. e3 Bf5 4. Bd3 Bg4 5. c4 g6 6. h3 Bc8 7. Nc3 e6 8. O-O
Bg7 9. b4 O-O 10. Qb3 c6 11. a4 a6 12. Ba3 Re8 13. Rfd1 dxc4 14. Bxc4 Nd5 15.
Rac1 Nd7 16. b5 N7b6 17. Be2 axb5 18. axb5 Nxc3 19. Rxc3 Nd5 20. Rc2 Bd7 21.
Ne5 Bxe5 22. dxe5 Qa5 23. Bc5 cxb5 24. e4 b6 25. Bd6 Nf4 26. Bf1 Qa4 27. Qb2
Qxe4 28. Rd4 Qf5 29. Rc7 Rad8 30. g4 Qg5 31. Qd2 Nxh3+ 32. Bxh3 Qxd2 33. Rxd2
b4 34. Bxb4 Ba4 35. Rxd8 Rxd8 36. Bd6 f6 37. g5 f5 38. Bf1 Rd7 39. Rc8+ Kf7 40.
Bc4 b5 41. Ba2 b4 42. Bxb4 Rd4 43. Rc7+ Bd7 44. Bd6 Ke8 45. Rc4 Rd2 46. Bb3 Bb5
47. Rc8+ Kd7 48. Rc7+ Kd8 49. Bxe6 Ba6 50. Rxh7 Rd1+ 51. Kh2 Bb5 52. Rb7 Rh1+
53. Kg3 Rg1+ 1-0

[Event "I Festival Costa Viola A"]
[Site "Bagnara Calabra ITA"]
[Date "2008.01.04"]
[Round "3"]
[White "Collutiis, Duilio"]
[Black "Stromboli, Carlo"]
[Result "1-0"]
[WhiteElo "2402"]
[BlackElo "2257"]
[PlyCount "67"]
[EventDate "2008.01.02"]

1. Nc3 e5 2. Nf3 Nc6 3. d4 exd4 4. Nxd4 Bb4 5. Nxc6 bxc6 6. Qd4 Bf8 7. Bf4 d6
8. e4 Ne7 9. Bc4 Ng6 10. Bg3 h5 11. h4 Be6 12. O-O-O Qf6 13. Bxe6 Qxe6 14. Qa4
Ne7 15. Rhe1 Qd7 16. e5 d5 17. Ne4 Nf5 18. Nd6+ Bxd6 19. exd6+ Kf8 20. Bf4 cxd6
21. Rxd5 Kg8 22. Red1 Rd8 23. Ra5 Ra8 24. Ra6 Nxh4 25. Rxd6 Qg4 26. g3 Ng6 27.
Qxc6 Rc8 28. Qe4 Nxf4 29. gxf4 Qg1+ 30. Rd1 Qxf2 31. Rad6 Rf8 32. Rd8 Qb6 33.
Rxf8+ Kxf8 34. Qa8+ 1-0

[Event "I Festival Costa Viola A"]
[Site "Bagnara Calabra ITA"]
[Date "2008.01.04"]
[Round "3"]
[White "Drasko, Milan"]
[Black "Napoli, Nicolo'"]
[Result "1-0"]
[WhiteElo "2540"]
[BlackElo "2292"]
[PlyCount "75"]
[EventDate "2008.01.02"]

1. Nf3 Nf6 2. c4 g6 3. g3 Bg7 4. Bg2 d5 5. d4 O-O 6. O-O dxc4 7. Na3 c5 8. Nxc4
cxd4 9. Nxd4 Qc7 10. b3 Nfd7 11. Ba3 Re8 12. Rc1 Nc6 13. Nxc6 bxc6 14. Qd2 a5
15. Rfd1 Ra6 16. Qf4 Qa7 17. Qe3 c5 18. Bb2 Nf6 19. Ne5 Nd7 20. Qf4 Rf6 21. Qa4
Rd6 22. Nc4 Bxb2 23. Nxb2 Nf6 24. Rxd6 exd6 25. e3 Be6 26. Nc4 Bxc4 27. Qxc4
Rb8 28. Qf4 Qe7 29. Rxc5 a4 30. Rc3 a3 31. Qd4 d5 32. Rc6 Ne4 33. Bxe4 dxe4 34.
Qc5 Qd7 35. Qd6 Qe8 36. Qf6 Ra8 37. Rc7 Rd8 38. Kg2 1-0